|
|
|
|
| LEADER |
02333nam a2200481 a 4500 |
| 001 |
nkc20132467498 |
| 003 |
CZ PrNK |
| 005 |
20131202140537.0 |
| 007 |
ta |
| 008 |
130612s2013 xr a e 100 0 ruso |
| 015 |
|
|
|a cnb002467498
|
| 020 |
|
|
|a 978-80-87786-43-7
|q (brož.)
|
| 040 |
|
|
|a BOA001
|b cze
|
| 041 |
0 |
|
|a rus
|a eng
|a kaz
|b eng
|
| 072 |
|
7 |
|a 316.4
|x Sociální procesy
|2 Konspekt
|9 18
|
| 080 |
|
|
|a 338
|2 MRF
|
| 080 |
|
|
|a 316.42
|2 MRF
|
| 080 |
|
|
|a 316.733+304.44
|2 MRF
|
| 080 |
|
|
|a (062.534)
|2 MRF
|
| 111 |
2 |
|
|a Innovacionnyje processy v ekonomičeskoj, social'noj i duchovnoj sferach žizni obščestva
|n (3. :
|d 2013 :
|c Praha, Česko)
|7 mzk2013787283
|
| 245 |
1 |
0 |
|a Innovacionnyje processy v ekonomičeskoj, social'noj i duchovnoj sferach žizni obščestva :
|b materialy III meždunarodnoj naučno-praktičeskoj konferencii 25-26 maja 2013 goda /
|c [redakcionnaja kollegija Konovalov Aleksej Petrovič, Najdenova Ljudmila Ivanovna, Dorošin Boris Anatol'jevič]
|
| 260 |
|
|
|a Praga :
|b Vědecko vydavatelské centrum "Sociosféra - CZ",
|c 2013
|
| 300 |
|
|
|a 110 s. :
|b il. ;
|c 21 cm
|
| 500 |
|
|
|a Nad názvem: Naučno-izdatel'skij centr "Sociosfera", Semipalatinskij gosudarstvennyj universitet im. Šakarima, Penzenskaja gosudarstvennaja technologičeskaja akademija
|
| 500 |
|
|
|a 100 výt.
|
| 504 |
|
|
|a Obsahuje bibliografie
|
| 546 |
|
|
|a Část. anglický a kazašský text, anglická resumé
|
| 650 |
0 |
7 |
|a ekonomická transformace
|7 ph114426
|2 czenas
|
| 650 |
0 |
7 |
|a společenská transformace
|7 ph137500
|2 czenas
|
| 650 |
0 |
7 |
|a sociální změna
|7 ph125820
|2 czenas
|
| 650 |
0 |
7 |
|a kulturní změna
|7 ph114000
|2 czenas
|
| 655 |
|
7 |
|a sborníky konferencí
|7 fd133333
|2 czenas
|
| 700 |
1 |
|
|a Konovalov, Aleksej Petrovič
|7 mzk2013787268
|4 edt
|
| 700 |
1 |
|
|a Najdenova, Ljudmila Ivanovna,
|d 1953-
|7 ola2013751777
|4 edt
|
| 700 |
1 |
|
|a Dorošin, Boris Anatol'jevič
|7 mzk2013787272
|4 edt
|
| 710 |
2 |
|
|a Naučno-izdatel'skij centr "Sociosfera"
|7 olak2013751839
|
| 710 |
2 |
|
|a Shakarim atyndaghy Semei memlekettik universiteti
|7 kn20130703003
|
| 710 |
2 |
|
|a Penzenskaja gosudarstvennaja technologičeskaja akademija
|7 kn20130703004
|
| 910 |
2 |
|
|a BOA001
|b 2-1313.068
|
| 990 |
|
|
|a BK
|
| 995 |
|
|
|a 60
|
| 991 |
|
|
|b 201310
|c NOV
|e n
|
| 996 |
6 |
|
|b 2610564559
|c 2-1313.068
|l MZK
|r Sklad / do 1 hodiny
|n 1
|p p.v.
|w 001368777
|u 000010
|a 1
|e BOA001
|j MZK50
|s P
|